Influencing Society : (Record no. 17435)

000 -LEADER
fixed length control field 00704nam a2200217 a 4500
001 - CONTROL NUMBER
control field :::00021382$&:&@@
003 - CONTROL NUMBER IDENTIFIER
control field OkBaRHE
005 - DATE AND TIME OF LATEST TRANSACTION
control field 20090408122318.0
008 - FIXED-LENGTH DATA ELEMENTS--GENERAL INFORMATION
fixed length control field s1980 j 000 0 eng u
020 ## - INTERNATIONAL STANDARD BOOK NUMBER
International Standard Book Number 0891090312
040 ## - CATALOGING SOURCE
Transcribing agency
245 10 - TITLE STATEMENT
Title Influencing Society :
Remainder of title God's design for the family with guideline for group discussion
250 ## - EDITION STATEMENT
Edition statement 2nd Printing
260 ## - PUBLICATION, DISTRIBUTION, ETC. (IMPRINT)
Place of publication, distribution, etc Colrado Springs, Co
Name of publisher, distributor, etc Navpress
Date of publication, distribution, etc c1980
300 ## - PHYSICAL DESCRIPTION
Extent 89 p, ;
Dimensions 22 cm
490 0# - SERIES STATEMENT
Series statement God's design for the Family Book 4
650 ## - SUBJECT ADDED ENTRY--TOPICAL TERM
Topical term or geographic name as entry element Evangelistic work.
650 ## - SUBJECT ADDED ENTRY--TOPICAL TERM
Topical term or geographic name as entry element Family
General subdivision Religous life.
942 ## - ADDED ENTRY ELEMENTS (KOHA)
Source of classification or shelving scheme
Koha item type Books
Copies
Not for loan Current Location Date acquired Permanent Location Withdrawn status Full call number Source of classification or shelving scheme Date last seen Damaged status Koha item type Lost status Copy number Price effective from Barcode Shelving location
 RHEMA Bible Training College2010-04-14RHEMA Bible Training College BV 4526.2 .I5 2014-10-24 Books 12010-04-1421382General Stacks